| 000 | 00894nam a2200217 a 4500 | ||
|---|---|---|---|
| 003 | 0 | ||
| 005 | 20250328144642.0 | ||
| 008 | 050809s19uu xx 00 eng d | ||
| 050 |
_aPGS PL 1074.5 _b.C626 2005 |
||
| 100 | _aClemente, Jan Bernadette G. | ||
| 245 |
_aPerception of lower school students in the usefulness and the relevance of Chinese subject / _cJan Bernadette G. Clemente. |
||
| 260 |
_aLas PiƱas City, Philippines : _bSouthville International School and Colleges, _c2005. |
||
| 300 |
_a21 pages : _billustrations ; _c28 cm. |
||
| 504 | _aIncludes bibliographical references. | ||
| 650 |
_aChinese language _vStudy and teaching (Elementary). |
||
| 650 | _aSecond language acquisition in children. | ||
| 650 | _aLanguage attitudes of students. | ||
| 650 |
_aBilingual education _vChinese. |
||
| 650 |
_aForeign language study _vStudent perception. |
||
| 942 |
_2lcc _cPASS |
||
| 999 |
_c97351 _d97351 |
||